000 00412nam a2200145Ia 4500
003 GCL
008 140319s9999 xx 000 0 eng d
040 _aGCL /
_cGCL
082 0 4 _a620
_bS B
100 1 _aSHANMUGAM, G.
245 1 0 _aBASIC CIVIL AND MECHANICAL ENGINEERING /
_cSHANMUGAM, G.
700 1 _aPALANICHAMY,M.S.
260 _a[S.N] :
_bTATA MCGRAW - HILL PUBLISHING COMPANY LT ،
_c1993
300 _a304 P
999 _c20425
_d20425